MARC

LEADER 00000nam0a2200000 4500
001 299118
005 20231102001154.0
020 |a RU  |b 82-86833 
035 |a (RuTPU)RU\TPU\book\324270 
090 |a 299118 
100 |a 20150624d1982 k y0rusy5003 ca 
101 0 |a rus 
102 |a RU 
105 |a y z 001zy 
200 1 |a Совершенствование хозяйственного механизма промышленных предприятий  |e межвузовский сборник  |f Горьковский государственный университет им. Н. И. Лобачевского (ГГУ) ; под ред. Ю. И. Ефимычева 
210 |a Горький  |c изд-во ГГУ  |d 1982 
215 |a 136 с. 
320 |a Библиогр. в конце ст. 
606 1 |a Промышленные предприятия  |x Экономика  |2 stltpush  |3 (RuTPU)RU\TPU\subj\52720  |9 71123 
610 1 |a хозяйственный механизм 
610 1 |a производственная мощность 
610 1 |a материальное стимулирование 
610 1 |a системный подход 
610 1 |a научная организация труда 
675 |a 658  |z rus  |v 3 
702 1 |a Ефимычев  |b Ю. И.  |4 340 
712 0 2 |a Горьковский государственный университет им. Н. И. Лобачевского (ГГУ)  |2 stltpush  |3 (RuTPU)RU\TPU\col\2603 
801 0 |a RU  |b RuMRKP  |c 19950704  |g psbo 
801 1 |a RU  |b 63413507  |c 20150624 
801 2 |a RU  |b 63413507  |c 20170731  |g RCR 
942 |c BK